000 02288nam a2200433 c 4500
003 BLK
005 20250312085105.0
008 180408b bul|||||r ||||||| ||bul||
010 _aKNG00081937000
040 _aBLK
041 _aBUL
_cBUL
080 _aВъображение. Фантазия. Форми и граници на въображението. Творчество
_b159.954
_z159.954
080 _aПсихология на детската възраст. Интелектуално развитие на децата. Психически особености. Детски представи, описани в разкази
_b159.922.7
_z159.922.7
080 _aДруги игри. Викторини, гатанки, поговорки, кръстословици и др.
_b793.7
_z793.7
100 _aРодари, Джани
_d1920-1980
_gИталиански писател
_9253674
139 _aРодари, Джани
_bР 73
245 1 0 _aГраматика на фантазията
_bУвод в изкуството да измисляме истории
_cДжани Родари; прев. от итал. Борислав Георгиев Иванчев; прев. от итал. Лиляна Георгиева Найденова.
257 _aITA
260 _aСофия
_bНаука и изкуство
_c1981
_fПлевен : печ. Ал. Пъшев
300 _a290 с.
_c17 см
380 _a1
490 _aБиблиотека Човекът и изкуството
500 _aОриг. загл. Grammatica della fantasia / Giani Rodari
650 4 _aФантазия - у децата
_9298356
650 4 _aВъображение - у децата
_9298357
653 _aфантазии
653 _aвъображение
653 _aмислене
653 _aдетска психология
700 1 _aИванчев, Борислав Георгиев
_eпрев. от итал.
_9298354
700 1 _aНайденова, Лиляна Георгиева
_eпрев. от итал.
_9298355
852 _aЦб І 19297
856 4 _qpdf
856 4 _qpdf
942 _cKNG
_n0
_02
944 _aCR
_c29.02.2008
_k30560
_lГеновева Генчева
944 _aED
_c19.05.2008
999 _c77480
_d77480
999 _d77480